000 00760nam a22002177a 4500
999 _c10816
_d10816
003 AR-CdUCM
008 190402b ||||| |||| 00| 0 spa d
040 _aMUNICIPALIDAD PROVINCIAL DEL CUSCO
_cBIBLIOTECA MUNICIPAL DEL CUSCO
082 _aES / 370.78 /
_bV66
100 _aVillasante Ortiz, Segundo
_927858
245 _aSistemática de los términos metodológicos - didácticos /
260 _aCusco :
_bInvestigacion en tecnologia educativa,
_c1979.
300 _a70 paginas ;
_bcuadros, tablas,
_c21 cm.
505 _aContenido: tecnologia metodologia -- terminos metodologicos
650 _aMetodologia
_92264
650 _aDidactico
_927859
650 _aInvestigación
_91940
650 _aLiteratura
_983
942 _2ddc
_cLIBROS
945 _apjha